00806nam a2200193 a 450000100100000000500170001000800410002704000250006804100130009308200130010624500440011926000490016330000200021250000350023250001420026771000740040995201120048399900170059500002907420200930055320.0110413s1995 dr 000 0 spa d aDO-SdBNPbspacBNPHU17aspaheng asssbsss00aIntellectual property :blegal guide /. aSanto Domingo :bPellerano & Herrera,c1995. a41 p. ;c22 cm. aTítulo tomado de la cubierta athe content of this guide is not intended to constitute lega advice on specific matters. Readers should consult legal c ounsel for advise2 aState Scretariat of Industry and Commerce (Dominican Republic)955974 00107-18PDaPDbPDcOId2011-04-13iLF1l0osss sssp29074-10r2020-06-25w2020-06-25yLFPDZNo se presta c28566d28566